000 00420nam a22001577a 4500
003 macl
005 20240201160111.0
008 240201b |||||||| |||| 00| 0 eng d
040 _cmacl
082 _a320
100 _a Pavneet Singh
_982291
245 _a International Relations for general studies Preliminary and main Examination
260 _achennai
_bMcgrawhill
_c2023
650 _aPolitical
942 _2ddc
_cBK
999 _c66750
_d66750